000 00428nam a2200193Ia 4500
008 101110s9999 xx 000 0 und d
041 _aENGLISH
082 _bSR6101
_a341.57
100 _aMaheshwari K.L.
245 _aMercantile Law
365 _b9
520 _aCommerce
546 _aENGLISH
630 _aMercantile Law
650 _aCommerce
655 _aCommerce
730 _aMercantile Law
942 _cBOOK
999 _c802025
_d802022